Normal view
MARC view
Entry Geographic Name
001 - CONTROL NUMBER
- control field: 225994
003 - CONTROL NUMBER IDENTIFIER
- control field:
005 - DATE AND TIME OF LATEST TRANSACTION
- control field: 20210601202704.0
008 - FIXED-LENGTH DATA ELEMENTS
- fixed length control field: 210601|| aca||aabn | a|a d
040 ## - CATALOGING SOURCE
- Original cataloging agency:
- Transcribing agency:
151 ## - HEADING--GEOGRAPHIC NAME
- Geographic name: Peru
- General subdivision: Economic policy
- Chronological subdivision: 1890-1977
670 ## - SOURCE DATA FOUND
- Source citation: Work cat.: (): Thorp, Rosemary 224707, Peru 1890-1977 growth and policy in an open economy /, 1978
